Le soleil / (Record no. 165099)

MARC details
000 -LEADER
campo de control de longitud fija 00733nam a22002055i 4500
001 - NÚMERO DE CONTROL
campo de control 165099
003 - IDENTIFICADOR DE NÚMERO DE CONTROL
campo de control ES-MaACL
005 - FECHA Y HORA DE LA ÚLTIMA TRANSACCIÓN
campo de control 20250906063134.0
008 - DATOS DE LONGITUD FIJA--INFORMACIÓN GENERAL
campo de control de longitud fija 950206m18751877fr a |||| | fre d
040 ## - FUENTE DE CATALOGACIÓN
Centro catalogador/agencia de origen CLM
100 1# - ENTRADA PRINCIPAL--NOMBRE DE PERSONA
Nombre de persona Secchi, Angelo,
Fechas asociadas al nombre 1818-1878
9 (RLIN) 132608
245 13 - MENCIÓN DEL TÍTULO
Título Le soleil /
Mención de responsabilidad, etc. par A. Secchi S.J.
250 ## - MENCION DE EDICION
Mención de edición 2e. éd., rev. et augm.
260 ## - PUBLICACIÓN, DISTRIBUCIÓN, ETC.
Lugar de publicación, distribución, etc. Paris :
Nombre del editor, distribuidor, etc. Gauthier-Villars, imprimeur-libraire... successeur de Mallet-Bachelier,
Fecha de publicación, distribución, etc. 1875.
300 ## - DESCRIPCIÓN FÍSICA
Extensión 3 v. :
Otras características físicas il. en col. y n. ;
Dimensiones 25 cm.
505 8# - NOTA DE CONTENIDO CON FORMATO
Nota de contenido con formato V. 1. Première partie. Texte.- V. 2. Première partie. Atlas.- V. 3. Seconde partie
597 #1 - NOTA DE DESCRIPCIÓN FÍSICA
NOTA DE DESCRIPCIÓN FÍSICA Port. con iniciales del ed.
852 ## - LOCALIZACIÓN
Ubicación ES-MaACL
Número de control de estantería B-484-486
Nota libre -- Enc. hol.
Holdings
Estatus retirado Estado de pérdida Estado de daño No para préstamo Colección Biblioteca de origen Biblioteca actual Ubicación en estantería Fecha de adquisición Fuente de adquisición Total de préstamos Signatura topográfica completa Código de barras Visto por última vez Precio de reemplazo Tipo de ítem Koha
        Libros del s. XIX Biblioteca del Ateneo de Madrid Biblioteca del Ateneo de Madrid Sala Pardo Bazán 17/01/2008     B-484-486 1173111 23/02/2023 23/02/2023 Libro impreso antiguo